00349pab a2200133 454500008004000000100001700040245007600057260000900133300001200142362001100154650001700165650001300182773002000195180718b2015 xxu||||| |||| 00| 0 eng d aSharma, S.B. aNurturing spiritual intelligence among students for better educatedness c2015 ap.9-12. a23 Feb aIntelligence aStudents aUniversity News